| 000 | 00473nam a2200217Ia 4500 | ||
|---|---|---|---|
| 003 | OSt | ||
| 005 | 20221005130134.0 | ||
| 006 | a|||||r|||| 00| 0 | ||
| 007 | ta | ||
| 008 | 221004b |||||||| |||| 00| 0 eng d | ||
| 024 | _a120690 | ||
| 037 | _cTextual | ||
| 040 |
_aCRL _cCRL _beng |
||
| 041 |
_2eng _aeng |
||
| 100 | _aKalidasa | ||
| 245 | 0 | _aRaghuvansa | |
| 260 | _c1897 | ||
| 650 | _aSANSKRIT | ||
| 942 |
_cTEXL _2cc |
||
| 999 |
_c1056212 _d1056212 |
||